Top 25 Best-Selling Albums - Statistics

General Stats
  • This quiz has been taken 27 times
  • The average score is 5 of 25
Answer Stats
Hint Answer % Correct
#1 Thriller
96%
#12 Bad
60%
#25 Abbey Road
40%
#2 Back in Black
36%
#19 21
32%
#3 Bat Out of Hell
32%
#16 Hotel California
28%
#11 Led Zeppelin IV
28%
#8 Rumours
28%
#17 Sgt. Pepper's Lonely Hearts Club Band
28%
#4 The Dark Side of the Moon
28%
#23 1
24%
#7 Saturday Night Fever
16%
#13 Jagged Little Pill
12%
#22 Metallica
12%
#14 Dangerous
8%
#5 The Bodyguard
8%
#20 The Immaculate Collection
8%
#6 Their Greatest Hits
8%
#9 Come On Over
4%
#15 Falling into You
4%
#21 Let's Talk About Love
4%
#18 Dirty Dancing
0%
#24 Gold Greatest Hits
0%
#10 Grease
0%
No matching quizzes found
Score Distribution
Percent of People with Each Score
Percentile by Number Answered
Your Score History
You have not taken this quiz